American Bankruptcy Law Journal

Detalles Bibliográficos
Formato: eBook
Lenguaje:inglés
Publicado: Laguna Beach: National Conference of Bankruptcy Judges, 2018 -
Materias:
Acceso en línea:Acceso restringido

MARC

LEADER 00000nam a22000007a 4500
005 20191024232648.0
007 cr|||| ||||
008 191024c20189999us zn|w s|||| 0|||b1eng d
022 |a 0027-9048 
035 |a 22964 
040 |a vLex 
090 |c 9964  |d 9964 
245 0 0 |a American Bankruptcy Law Journal  |h [Recurso electrn̤ico] / 
256 |a Servicio en ln̕ea 
260 |a Laguna Beach:  |b National Conference of Bankruptcy Judges,  |c 2018 - 
300 |a 1 recurso electrn̤ico 
310 |a Irregular 
506 1 |a Disponible solo en los productos indicados  |d vLex Global  |d vLex Global (Academic Edition, excluding Law Schools)  |d vLex Global (Academic Edition, Law Schools) 
650 0 4 |a Derecho Pb︢lico y Administrativo  |z Estados Unidos 
740 0 |a vLex Revistas (Servicio en ln̕ea) 
856 4 0 |u http://vlex.com/source/american-bankruptcy-law-journal-22964  |z Acceso restringido 
942 |c REV 
999 0 |a Public and Administrative Law